Христос и культура. Избранные труды Ричарда Нибура и Райнхольда Нибура. (Запис № 309571)
[ простий вигляд ]
| 000 -Лідер | |
|---|---|
| fixed length control field | 00677nam a22002417a 4500 |
| 003 - Ідентифікатор контрольного номера | |
| control field | UA-OsUOA |
| 001 - Контрольний номер | |
| control field | 23326 |
| 007 - Фіксоване поле фізичного опису | |
| fixed length control field | ta |
| 008 - Елементи даних фіксованої довжини – загальна інформація | |
| fixed length control field | 20040119b un ||||| |||| 00| 0 ukr d |
| 090 ## - Локальний шифр розміщення | |
| Класифікаційний індекс УДК | 242 |
| Авторський знак (НП) | Х93 |
| 040 ## - Джерело каталогізації | |
| Агенція оригінальної каталогізації | UA-OsUOA |
| Мова каталогізації | rus |
| Агенція, яка здійснювала перезапис | UA-OsUOA |
| Агенція, яка здійснювала модифікацію | UA-OsUOA |
| 041 ## - Код мови | |
| Код мови тексту/ звукової доріжки чи окремого заголовка (П) | rus |
| 080 ## - Індекс Універсальної десяткової класифікації | |
| Індекс Універсальної десяткової класифікації (УДК) (НП) | 242 |
| 020 ## - Міжнародний стандартний книжковий номер (ISBN) | |
| Міжнародний стандартний книжковий номер (ISBN) (НП) | 5-7357-0050-2 |
| 044 ## - Код країни видавця/ виробника | |
| Код країни видавця/ виробника (П) | RU |
| 245 ## - Відомості про назву | |
| Назва (НП) | Христос и культура. Избранные труды Ричарда Нибура и Райнхольда Нибура. |
| Дані про відповідальність (НП) | Ред. С.Я.Левит Л.В.Скворцов |
| 260 ## - Публікація, розповсюдження і т.п. (Вихідні дані) | |
| Місце публікації, розповсюдження і т.п. (П) | Москва |
| Ім’я/ наймення видавництва, розповсюджувача і т.п. (П) | Юрист |
| Дата публікації, розповсюдження і т.п. (П) | 1996 |
| 300 ## - Фізичний опис | |
| Обсяг | 575 с. |
| 650 #7 - Додаткове предметне введення – тематичний термін | |
| Джерело заголовка чи терміна | UDC |
| 942 ## - Додаткові елементи входу (Коха) | |
| Тип елемента Koha | Книги |
| 955 ## - Код типу видання за змістом | |
| Код типу видання за змістом (НП) | інше |
| Стан вилучень | Стан втрат | Джерело класифікації або схеми стелажів | Стан уражень | Не для кредиту | Постійне місце розташування | Поточне розміщення | Дата придбання | Вартість, звичайна ціна покупки | Інвентарний номер | Усього замовленно | Повний номер виклику | Штрих-код | Дата останнього перегляду | Ціна ефективна від | Тип елемента Koha |
|---|---|---|---|---|---|---|---|---|---|---|---|---|---|---|---|
| Universal Decimal Classification | ЧЗ - Читальна зала | ЧЗ - Читальна зала | 19/01/2004 | 20.00 | 63601 | 242 Х93 | 63601 | 07/02/2022 | 19/01/2004 | Книги | |||||
| Universal Decimal Classification | ЧЗ - Читальна зала | ЧЗ - Читальна зала | 19/01/2004 | 20.00 | 63602 | 242 Х93 | 63602 | 06/02/2022 | 19/01/2004 | Книги | |||||
| Universal Decimal Classification | ЧЗ - Читальна зала | ЧЗ - Читальна зала | 19/01/2004 | 20.00 | 63603 | 242 Х93 | 63603 | 07/02/2022 | 19/01/2004 | Книги | |||||
| Universal Decimal Classification | ЧЗ - Читальна зала | ЧЗ - Читальна зала | 19/01/2004 | 4.00 | 63604 | 242 Х93 | 63604 | 06/02/2022 | 19/01/2004 | Книги |